[Event "NK Pupillendag 2015"]
[Site "Roosendaal"]
[Date "2015.06.20"]
[Round "3.4"]
[White "F04: Roebers Eline"]
[Black "Salomons Matthijs"]
[Result "0-1"]
[WhiteElo "835"]
[BlackElo "624"]
[PlyCount "62"]
[EventDate "2015.06.20"]
[WhiteClock "0:14:57"]
[BlackClock "0:17:06"]

1. e4 e6 2. d4 d5 3. e5 c5 4. dxc5 Bxc5 5. Nf3 Ne7 6. Nc3 O-O 7. Be2 Nbc6 8.
O-O d4 9. Ne4 b6 10. Nxc5 bxc5 11. Bg5 Bb7 12. Re1 Qd5 13. Bb5 Nxe5 14. Rxe5
Qd6 15. Bxe7 Qxe7 16. Re1 Qd8 17. Bd3 Qd5 18. Be4 Qd7 19. Ne5 Qc7 20. Bxb7 Qxb7
21. b3 Rfd8 22. Re2 Qb5 23. Rd2 Rd5 24. c4 dxc3 25. Rxd5 exd5 26. Qxd5 Qe8 27.
Rc1 Rd8 28. Qxc5 c2 29. g3 Rd1+ 30. Rxd1 cxd1=Q+ 31. Kg2 Qa8+ 0-1

[Event "NK Pupillendag 2015"]
[Site "Roosendaal"]
[Date "2015.06.20"]
[Round "3.9"]
[White "F09: Mensing Luana"]
[Black "Molanus Florian"]
[Result "1-0"]
[WhiteElo "407"]
[BlackElo "601"]
[PlyCount "67"]
[EventDate "2015.06.20"]
[WhiteClock "0:14:42"]
[BlackClock "0:12:06"]

1. e4 c5 2. Nf3 d6 3. Bc4 Bg4 4. O-O Nc6 5. h3 Bxf3 6. Qxf3 Nf6 7. c3 Ne5 8.
Qe2 a6 9. d3 g6 10. Bg5 Bg7 11. Nd2 O-O 12. d4 Nxc4 13. Nxc4 b5 14. Nd2 Qc7 15.
Qe3 a5 16. e5 Nd5 17. Qe2 Rae8 18. c4 bxc4 19. Nxc4 f6 20. exf6 exf6 21. Qf3
Qf7 22. Nxd6 Qe6 23. Nxe8 fxg5 24. Nxg7 Kxg7 25. Qd1 Qe4 26. dxc5 Rc8 27. Re1
Qf5 28. Rb1 Rxc5 29. Qd4+ Qf6 30. Qxc5 Ne7 31. Rxe7+ Kh6 32. Re4 Kh5 33. g3 Qf3
34. Rh4# 1-0

[Event "NK Pupillendag 2015"]
[Site "Roosendaal"]
[Date "2015.06.20"]
[Round "2.17"]
[White "G05: Dekker Stella"]
[Black "De Boer Sem"]
[Result "0-1"]
[WhiteElo "394"]
[BlackElo "534"]
[PlyCount "130"]
[EventDate "2015.06.20"]
[WhiteClock "0:12:25"]
[BlackClock "0:18:19"]

1. e4 e5 2. Nf3 Nc6 3. d4 exd4 4. Nxd4 Nf6 5. Nc3 Bc5 6. Be3 d6 7. Bc4 O-O 8.
O-O Qe7 9. Bd3 Nxd4 10. Bxd4 Bxd4 11. Qf3 Bg4 12. Qf4 Be5 13. Qe3 Bd4 14. Qxd4
c5 15. Qe3 Bh5 16. Nd5 Qe5 17. Nxf6+ Qxf6 18. Be2 Bxe2 19. Qxe2 Rfe8 20. Rae1
d5 21. Qd3 dxe4 22. Rxe4 Rxe4 23. Qxe4 Qxb2 24. Re1 h6 25. h3 Qb5 26. Re3 Qb1+
27. Re1 Qxa2 28. Qxb7 Rd8 29. Qc7 Rd2 30. Qxc5 Rxc2 31. Qd4 Qc4 32. Qe5 Rc1 33.
Kh2 Rxe1 34. Qxe1 Qc7+ 35. g3 a5 36. Qe8+ Kh7 37. Kg2 Qc4 38. Qe1 a4 39. Qa1
Qb3 40. Kf1 a3 41. Ke1 Qb2 42. Qxb2 axb2 43. Kd2 b1=Q 44. Ke3 Qf5 45. g4 Qe5+
46. Kf3 f5 47. gxf5 Qxf5+ 48. Ke2 Qxh3 49. Ke1 Qg2 50. Ke2 g5 51. Ke3 g4 52.
Kf4 Qxf2+ 53. Kxg4 h5+ 54. Kxh5 Qh2+ 55. Kg5 Qe5+ 56. Kg4 Qf6 57. Kg3 Qf5 58.
Kh4 Qg6 59. Kh3 Qg5 60. Kh2 Qg4 61. Kh1 Kg6 62. Kh2 Kf5 63. Kh1 Ke4 64. Kh2 Kf3
65. Kh1 Qg2# 0-1

[Event "NK Pupillendag 2015"]
[Site "Roosendaal"]
[Date "2015.06.20"]
[Round "2.18"]
[White "G06: Zoet Otto"]
[Black "Schoonenwolf Jack"]
[Result "0-1"]
[WhiteElo "317"]
[BlackElo "521"]
[PlyCount "69"]
[EventDate "2015.06.20"]
[WhiteClock "0:16:49"]
[BlackClock "0:16:26"]

1. e4 e5 2. Nf3 Nc6 3. Bc4 Nf6 4. Ng5 d5 5. exd5 Nxd5 6. Bxd5 Qxd5 7. Nc3 Qxg2
8. Rf1 Qxg5 9. d3 Qd8 10. Rg1 Bf5 11. Bg5 Be7 12. Bxe7 Qxe7 13. Qc1 O-O 14. Qg5
Qxg5 15. Rxg5 g6 16. Nd5 Rac8 17. Nf6+ Kg7 18. Nd5 Rfe8 19. h4 e4 20. dxe4
Rxe4+ 21. Kf1 Rxh4 22. Kg2 Bxc2 23. Kg3 Rd4 24. Rc1 Rd3+ 25. f3 h6 26. Rg4 Bd1
27. Nf4 Bxf3 28. Nxd3 Bxg4 29. Kxg4 f6 30. Nc5 Ne5+ 31. Kf4 b6 32. Ne6+ Kf7 33.
Rxc7+ Rxc7 34. Nxc7 g5+ 35. Kg3 0-1

[Event "NK Pupillendag 2015"]
[Site "Roosendaal"]
[Date "2015.06.20"]
[Round "2.21"]
[White "H01: De Jong Quint"]
[Black "Kutchoukov Thomas"]
[Result "0-1"]
[WhiteElo "386"]
[BlackElo "623"]
[PlyCount "110"]
[EventDate "2015.06.20"]
[WhiteClock "0:15:34"]
[BlackClock "0:12:24"]

1. e4 c6 2. d4 d5 3. e5 Bf5 4. Nf3 e6 5. Nc3 Nd7 6. Bg5 Be7 7. Bxe7 Nxe7 8. Bd3
Bg4 9. O-O O-O 10. h3 Bh5 11. Re1 Re8 12. Qd2 Bxf3 13. gxf3 Qb6 14. Qf4 Ng6 15.
Bxg6 hxg6 16. Na4 Qb4 17. b3 Rad8 18. Rad1 b5 19. Nb2 Qc3 20. Nd3 Qxc2 21. Nb4
Qb2 22. Nxc6 Rc8 23. Nxa7 Rc2 24. Rb1 Qxa2 25. Ra1 Qxb3 26. Re3 Qb2 27. Rf1 Ra8
28. Nxb5 Qxb5 29. Qg3 Re2 30. Rc3 Qb4 31. Rc7 Nf8 32. Qf4 Nd7 33. Rxd7 Rf8 34.
Rc1 Qd2 35. Qxd2 Rxd2 36. Kg2 Rxd4 37. Rg1 f5 38. Kh2 Rf4 39. Rxg6 Rf7 40. Rd8+
Kh7 41. Rxe6 Rxf3 42. Rxd5 Rxf2+ 43. Kg3 Ra2 44. Rb6 Ra3+ 45. Kf4 g5+ 46. Kxg5
f4 47. e6 Rg3+ 48. Kh4 Re7 49. Rh5+ Kg6 50. Rb4 Rf3 51. Kg4 Rf1 52. Rh8 f3 53.
Rf8 f2 54. Rb2 Rg1+ 55. Kh4 Rh7# 0-1

[Event "NK Pupillendag 2015"]
[Site "Roosendaal"]
[Date "2015.06.20"]
[Round "2.20"]
[White "G08: Van Egmond Tom"]
[Black "Kanbier Djezzmonde"]
[Result "1-0"]
[WhiteElo "489"]
[BlackElo "235"]
[PlyCount "79"]
[EventDate "2015.06.20"]
[WhiteClock "0:14:22"]
[BlackClock "0:15:55"]

1. e4 e5 2. Nf3 Nc6 3. Nc3 Bc5 4. Bc4 Nf6 5. O-O O-O 6. d3 Ng4 7. h3 Nxf2 8.
Rxf2 Bxf2+ 9. Kxf2 Nd4 10. Kg1 Qf6 11. Nxd4 exd4 12. Nd5 Qg6 13. Nf4 Qf6 14.
Nd5 Qh4 15. Nxc7 Rb8 16. Nd5 d6 17. Bf4 Be6 18. Bxd6 Bxd5 19. Bxd5 Rfd8 20.
Bxb8 Rxb8 21. Qf3 Rf8 22. Kh2 Qh5 23. Qxh5 g6 24. Qf3 b5 25. Rf1 Kg7 26. Bxf7
Rxf7 27. Qxf7+ Kh6 28. Qf8+ Kh5 29. Qe8 Kh6 30. Rf6 Kh5 31. Qe5+ Kh6 32. Qe6 a5
33. Rf5 b4 34. Rxa5 Kg7 35. Kg3 Kh6 36. Kh4 b3 37. Rh5+ Kg7 38. Qe7+ Kg8 39.
Rxh7 bxa2 40. Qg7# 1-0

[Event "NK Pupillendag 2015"]
[Site "Roosendaal"]
[Date "2015.06.20"]
[Round "3.10"]
[White "F10: Adema Wessel"]
[Black "Veldboer Vin"]
[Result "1-0"]
[WhiteElo "599"]
[BlackElo "442"]
[PlyCount "65"]
[EventDate "2015.06.20"]
[WhiteClock "0:15:39"]
[BlackClock "0:15:27"]

1. d4 e6 2. e4 d5 3. Nc3 dxe4 4. Nxe4 Nc6 5. Nf3 Nf6 6. Nxf6+ Qxf6 7. d5 exd5
8. Qxd5 Nb4 9. Qe4+ Be7 10. Bg5 Qe6 11. Qxe6 fxe6 12. O-O-O Bxg5+ 13. Nxg5
Nxa2+ 14. Kb1 Nb4 15. Bc4 Bd7 16. Bxe6 Bxe6 17. Nxe6 a6 18. Nxc7+ Ke7 19. Nxa8
Rxa8 20. Rhe1+ Kf7 21. Rd7+ Kg8 22. Rxb7 Nd5 23. Re5 Nf4 24. Ree7 Ng6 25. Rxg7+
Kh8 26. Rxh7+ Kg8 27. Rhg7+ Kf8 28. Rxg6 Re8 29. Rh6 Re1+ 30. Ka2 Kg8 31. Rhh7
Re8 32. f4 Rf8 33. Rbg7# 1-0

[Event "NK Pupillendag 2015"]
[Site "Roosendaal"]
[Date "2015.06.20"]
[Round "3.3"]
[White "F03: De Putter Sven"]
[Black "Van Der Hagen Loek"]
[Result "0-1"]
[WhiteElo "616"]
[BlackElo "863"]
[PlyCount "88"]
[EventDate "2015.06.20"]
[WhiteClock "0:10:36"]
[BlackClock "0:15:15"]

1. e4 c5 2. Nf3 Nc6 3. Bc4 d6 4. Nc3 Nf6 5. O-O e6 6. Bb5 a6 7. Bxc6+ bxc6 8.
e5 dxe5 9. Nxe5 Qc7 10. Nd3 Bd6 11. f4 O-O 12. Rf3 c4 13. Ne5 Bxe5 14. fxe5
Qxe5 15. Rh3 Bb7 16. d4 cxd3 17. cxd3 c5 18. Rg3 Qd4+ 19. Be3 Qe5 20. Bh6 Nh5
21. Rg5 Qf6 22. Rxh5 gxh6 23. Qg4+ Qg7 24. Qxg7+ Kxg7 25. Rf1 Rad8 26. Rf4 Rxd3
27. Rg4+ Kh8 28. Rxh6 Rd2 29. g3 f6 30. Rgh4 Rf7 31. Ne4 Bxe4 32. Rxe4 e5 33.
Rc4 Rxb2 34. Rxc5 Rxa2 35. Rh4 Kg7 36. Rg4+ Kf8 37. Rc8+ Ke7 38. Rc7+ Ke6 39.
Rc6+ Kd5 40. Rc1 Rb7 41. Rd1+ Ke6 42. Rg8 a5 43. Rdd8 Rb1+ 44. Rd1 Rxd1# 0-1

[Event "NK Pupillendag 2015"]
[Site "Roosendaal"]
[Date "2015.06.20"]
[Round "2.19"]
[White "G07: Van Dongen Jesse"]
[Black "De Zoeten Jet"]
[Result "1-0"]
[WhiteElo "500"]
[BlackElo "358"]
[PlyCount "37"]
[EventDate "2015.06.20"]
[WhiteClock "0:13:59"]
[BlackClock "0:13:34"]

1. d4 d5 2. Nc3 Nc6 3. Bg5 h6 4. Bh4 Nxd4 5. Qxd4 Nf6 6. Bxf6 exf6 7. Nf3 Qe7
8. e4 Qe6 9. Nxd5 Qg4 10. Nxc7+ Ke7 11. Nxa8 Qf4 12. Bd3 Ke8 13. Nc7+ Ke7 14.
Nd5+ Ke8 15. Nxf4 Bg4 16. Bb5+ Ke7 17. Nd5+ Kd6 18. Qb4+ Ke6 19. Nc7# {Kd5} 1-0

[Event "NK Pupillendag 2015"]
[Site "Roosendaal"]
[Date "2015.06.20"]
[Round "1.1"]
[White "F01: Arnold Lorin"]
[Black "Rutten Alexander"]
[Result "0-1"]
[WhiteElo "494"]
[BlackElo "1333"]
[PlyCount "90"]
[EventDate "2015.06.20"]
[WhiteClock "0:15:48"]
[BlackClock "0:17:43"]

1. e4 c5 2. Nf3 d6 3. d4 cxd4 4. Nxd4 Nf6 5. Nc3 a6 6. Bc4 e6 7. Bg5 Nbd7 8.
O-O b5 9. Bd3 Bb7 10. Re1 Be7 11. Qe2 O-O 12. Qf3 h6 13. Bxf6 Bxf6 14. Rad1
Bxd4 15. Qf4 Be5 16. Qg4 Nf6 17. Qf3 Bxc3 18. bxc3 Qa5 19. Be2 Bxe4 20. Qe3 d5
21. Ra1 Bxc2 22. Rec1 Bg6 23. Qe5 Ne4 24. Bd3 Qb6 25. Bxe4 Bxe4 26. a4 Qc5 27.
Qd4 Qxd4 28. cxd4 Rfc8 29. axb5 Rxc1+ 30. Rxc1 axb5 31. f3 Bd3 32. Kf2 Bc4 33.
Rb1 Ra2+ 34. Ke3 Rxg2 35. h3 g5 36. f4 Rg3+ 37. Kf2 Rxh3 38. fxg5 hxg5 39. Rg1
Kf8 40. Rxg5 b4 41. Rg1 b3 42. Rb1 Rh2+ 43. Ke3 b2 44. Kf3 Ba2 45. Rxb2 Rxb2
0-1

[Event "NK Pupillendag 2015"]
[Site "Roosendaal"]
[Date "2015.06.20"]
[Round "1.2"]
[White "F02: Honkoop Stella"]
[Black "Hatamirad Mahbod"]
[Result "1-0"]
[WhiteElo "895"]
[BlackElo "491"]
[PlyCount "38"]
[EventDate "2015.06.20"]
[WhiteClock "0:14:01"]
[BlackClock "0:14:31"]

1. e4 e5 2. Nf3 Nc6 3. d4 d6 4. Bc4 Nf6 5. Nc3 h6 6. dxe5 dxe5 7. Qxd8+ Nxd8 8.
Nxe5 a6 9. O-O Bd6 10. Nf3 b5 11. Bb3 a5 12. e5 Bxe5 13. Nxe5 a4 14. Bd5 Nxd5
15. Nxd5 Be6 16. Nxc7+ Kf8 17. Nxa8 Bc4 18. Nxc4 bxc4 19. Nb6 Nc6 1-0

[Event "NK Pupillendag 2015"]
[Site "Roosendaal"]
[Date "2015.06.20"]
[Round "1.5"]
[White "F05: Van Stormbroek Thom"]
[Black "Tiggelaar Joas"]
[Result "0-1"]
[WhiteElo "447"]
[BlackElo "834"]
[PlyCount "36"]
[EventDate "2015.06.20"]
[WhiteClock "0:15:07"]
[BlackClock "0:15:05"]

1. e4 e5 2. Nf3 Nc6 3. d4 exd4 4. Nxd4 Nxd4 5. Qxd4 Nf6 6. Nc3 b6 7. Qe5+ Be7
8. Bc4 d6 9. Qg5 O-O 10. O-O Qd7 11. Bd5 c6 12. Bc4 Nxe4 13. Nxe4 Bxg5 14. Bxg5
Qf5 15. Rae1 d5 16. Nd6 Qxg5 17. Bd3 Bh3 18. f4 Qxg2# 0-1

[Event "NK Pupillendag 2015"]
[Site "Roosendaal"]
[Date "2015.06.20"]
[Round "1.4"]
[White "F04: Roebers Eline"]
[Black "Blokland Bent"]
[Result "1-0"]
[WhiteElo "835"]
[BlackElo "462"]
[PlyCount "61"]
[EventDate "2015.06.20"]
[WhiteClock "0:14:28"]
[BlackClock "0:17:28"]

1. e4 e5 2. Nf3 Nc6 3. d4 exd4 4. Nxd4 Bc5 5. Be3 d6 6. Nxc6 bxc6 7. Bxc5 dxc5
8. Qxd8+ Kxd8 9. Nc3 Nf6 10. O-O-O+ Bd7 11. Bc4 Re8 12. Rhe1 Rb8 13. Bxf7 Re7
14. Bc4 Rb4 15. Bf1 Nxe4 16. Nxe4 Rbxe4 17. Rxe4 Rxe4 18. Bd3 Rh4 19. h3 Be6
20. Bxh7+ Ke7 21. Bd3 Bxa2 22. b3 Rf4 23. f3 Ke6 24. Kb2 Bxb3 25. cxb3 Rd4 26.
Bc4+ Kd6 27. Rxd4+ cxd4 28. Kc2 g5 29. g3 c5 30. Kd3 a5 31. Bb5 1-0

[Event "NK Pupillendag 2015"]
[Site "Roosendaal"]
[Date "2015.06.20"]
[Round "1.17"]
[White "G05: Ekker Maxim"]
[Black "Rutjens Lars"]
[Result "0-1"]
[WhiteElo "246"]
[BlackElo "538"]
[PlyCount "84"]
[EventDate "2015.06.20"]
[WhiteClock "0:17:10"]
[BlackClock "0:17:23"]

1. e4 e5 2. Nf3 Nc6 3. Nc3 Bc5 4. Bc4 Nf6 5. d3 h6 6. Be3 Bb6 7. Bxb6 axb6 8.
O-O d6 9. h3 O-O 10. Nd5 Be6 11. Nxf6+ Qxf6 12. Ne1 Qg6 13. Bxe6 Qxe6 14. b4
Nxb4 15. c3 Nc6 16. d4 exd4 17. cxd4 Qg6 18. d5 Ne7 19. Rc1 c6 20. dxc6 bxc6
21. Qe2 Rfe8 22. Rb1 Nd5 23. exd5 Rxe2 24. Rxb6 cxd5 25. Rb5 Raxa2 26. Rxd5 Ra1
27. Rb5 Raxe1 28. Rxe1 Rxe1+ 29. Kh2 Re8 30. Rb2 Qg5 31. g3 d5 32. h4 Qf5 33.
Rd2 Rd8 34. Kg2 Qe4+ 35. f3 Qc4 36. Rxd5 Rxd5 37. Kh3 g5 38. hxg5 hxg5 39. g4
Rd3 40. Kg3 Qf4+ 41. Kf2 Qxf3+ 42. Ke1 Rd1# 0-1

[Event "NK Pupillendag 2015"]
[Site "Roosendaal"]
[Date "2015.06.20"]
[Round "1.10"]
[White "F10: Bello Ingo"]
[Black "Kooistra Marthijn"]
[Result "1-0"]
[WhiteElo "673"]
[BlackElo "403"]
[PlyCount "63"]
[EventDate "2015.06.20"]
[WhiteClock "0:14:46"]
[BlackClock "0:09:47"]

1. e4 e5 2. Nf3 Nc6 3. Bc4 Bc5 4. c3 Nf6 5. d4 exd4 6. Bg5 O-O 7. cxd4 Bb4+ 8.
Nc3 Bxc3+ 9. bxc3 h6 10. Bh4 d6 11. e5 dxe5 12. dxe5 Qxd1+ 13. Rxd1 Ne4 14. Rd3
Bf5 15. Nd4 Rab8 16. Nxf5 a6 17. Re3 Nc5 18. O-O Rbe8 19. Rfe1 g5 20. Bg3 b5
21. Bd5 Nd8 22. Nxh6+ Kg7 23. Nf5+ Kg8 24. h4 gxh4 25. Bxh4 Ndb7 26. Bf6 a5 27.
Be4 Nxe4 28. Rxe4 Nc5 29. Rg4+ Kh7 30. Rg7+ Kh8 31. Rxf7+ Kg8 32. Nh6# 1-0

[Event "NK Pupillendag 2015"]
[Site "Roosendaal"]
[Date "2015.06.20"]
[Round "1.3"]
[White "F03: Shafie Sina"]
[Black "Van Der Hagen Loek"]
[Result "0-1"]
[WhiteElo "474"]
[BlackElo "863"]
[PlyCount "82"]
[EventDate "2015.06.20"]
[WhiteClock "0:13:14"]
[BlackClock "0:14:30"]

1. e4 c5 2. Nf3 Nc6 3. Bb5 a6 4. Bxc6 bxc6 5. O-O d6 6. Nc3 Nf6 7. d3 e6 8. d4
cxd4 9. Nxd4 Be7 10. Nxc6 Qc7 11. Nd4 Bb7 12. Bg5 O-O 13. Bxf6 Bxf6 14. Qe2
Bxd4 15. Rad1 Be5 16. Rfe1 Rfd8 17. h3 Bxc3 18. bxc3 Qxc3 19. Rd3 Qc6 20. Qg4
Qxc2 21. Rg3 g6 22. Rf3 Qxa2 23. Qf4 e5 24. Qe3 Rac8 25. Re2 Qc4 26. Qa3 Qxe2
27. Qb3 Rd7 28. Re3 Qb5 29. Qa3 Bxe4 30. Rxe4 Qb1+ 31. Kh2 Qxe4 32. f3 Qf4+ 33.
g3 Qd2+ 34. Kg1 Rc1+ 35. Qxc1 Qxc1+ 36. Kf2 Rc7 37. f4 Rc2+ 38. Kf3 Qf1+ 39.
Kg4 exf4 40. gxf4 Rg2+ 41. Kh4 Qxf4# 0-1

[Event "NK Pupillendag 2015"]
[Site "Roosendaal"]
[Date "2015.06.20"]
[Round "1.8"]
[White "F08: Tjong Tjin Joe Wesley"]
[Black "Mang Dalya"]
[Result "1-0"]
[WhiteElo "757"]
[BlackElo "406"]
[PlyCount "85"]
[EventDate "2015.06.20"]
[WhiteClock "0:06:10"]
[BlackClock "0:04:53"]

1. e4 e5 2. Nf3 Nc6 3. Bc4 h6 4. d4 exd4 5. Nxd4 Ne5 6. Bb3 Bc5 7. Nf5 Qf6 8.
Nc3 d6 9. Nd5 Qd8 10. Nxg7+ Kf8 11. Nf5 Bxf5 12. exf5 Qh4 13. O-O Ng4 14. Bf4
Bxf2+ 15. Kh1 h5 16. Nxc7 Be3 17. Bg3 Qf6 18. Nxa8 h4 19. Qxd6+ Qxd6 20. Bxd6+
Kg7 21. f6+ N8xf6 22. g3 Nf2+ 23. Kg2 h3+ 24. Kf3 Bb6 25. Nxb6 axb6 26. Rxf2
Re8 27. Re2 Rd8 28. Be5 Rh8 29. Rd1 Rh5 30. g4 Rg5 31. Rg1 Kg6 32. Bxf6 Kxf6
33. Rf1 Kg6 34. Kf4 Rc5 35. Re5 Rc6 36. Rg5+ Kh7 37. Kg3 Rc7 38. Rxf7+ Rxf7 39.
Bxf7 Kh8 40. Kf4 Kh7 41. Kf5 Kh6 42. Kf6 b5 43. Rh5# 1-0

[Event "NK Pupillendag 2015"]
[Site "Roosendaal"]
[Date "2015.06.20"]
[Round "2.9"]
[White "F09: Donders Hendrik"]
[Black "Warnaar Tim"]
[Result "0-1"]
[WhiteElo "664"]
[BlackElo "500"]
[PlyCount "42"]
[EventDate "2015.06.20"]
[WhiteClock "0:11:54"]
[BlackClock "0:17:01"]

1. d4 d5 2. e3 Nf6 3. Bd3 Nc6 4. Bd2 e5 5. dxe5 Nxe5 6. Nc3 Nxd3+ 7. cxd3 Bb4
8. Nge2 Bxc3 9. Bxc3 O-O 10. O-O Re8 11. Bxf6 Qxf6 12. d4 Qg6 13. g3 Bh3 14.
Re1 Rab8 15. Nf4 Qf5 16. Rc1 Bg4 17. Qd2 g5 18. Ne2 Qf3 19. Nf4 gxf4 20. gxf4
Bh3 21. Rxc7 Qg2# 0-1

[Event "NK Pupillendag 2015"]
[Site "Roosendaal"]
[Date "2015.06.20"]
[Round "2.10"]
[White "F10: Kudlicka Nathan"]
[Black "Tran Kimmily"]
[Result "0-1"]
[WhiteElo "514"]
[BlackElo "650"]
[PlyCount "106"]
[EventDate "2015.06.20"]
[WhiteClock "0:17:32"]
[BlackClock "0:01:10"]

1. e4 e5 2. Nf3 Nc6 3. Bc4 Bc5 4. O-O Nf6 5. Nc3 O-O 6. Na4 Bd4 7. c3 Bb6 8.
Nxb6 axb6 9. b4 d5 10. exd5 Nxd5 11. b5 Nce7 12. Ba3 Nf4 13. d4 Rxa3 14. g3
Rxc3 15. Bb3 e4 16. Ng5 Nh3+ 17. Nxh3 Bxh3 18. Re1 e3 19. fxe3 Qd6 20. Qd2 Nd5
21. e4 Rxg3+ 22. hxg3 Qxg3+ 23. Kh1 Nf4 24. Rg1 Qf3+ 25. Kh2 Re8 26. e5 Bg4 27.
Rg3 Qe2+ 28. Qxe2 Bxe2 29. Re1 Bxb5 30. Rg4 Nd3 31. Rg3 Nxe1 32. Re3 Nd3 33.
Bc2 Nf4 34. Kg3 g5 35. a4 Bc6 36. Kg4 h6 37. Rf3 Bxf3+ 38. Kxf3 Re6 39. Ke4 h5
40. Kf5 Nh3 41. Ke4 g4 42. Ke3 g3 43. Kf3 h4 44. Kg2 Ng5 45. Kg1 Rh6 46. Kg2
h3+ 47. Kf1 h2 48. Ke2 h1=Q 49. Kd3 Qe4+ 50. Kc3 Rc6+ 51. Kb4 Qxc2 52. d5 Qc3+
53. Kb5 Qc4# 0-1

[Event "NK Pupillendag 2015"]
[Site "Roosendaal"]
[Date "2015.06.20"]
[Round "2.7"]
[White "F07: Muntean Felix"]
[Black "Tjong Tjin Joe Wesley"]
[Result "0-1"]
[WhiteElo "542"]
[BlackElo "757"]
[PlyCount "45"]
[EventDate "2015.06.20"]
[WhiteClock "0:12:44"]
[BlackClock "0:12:35"]

1. e4 e5 2. Nf3 Nc6 3. Nc3 Nf6 4. Bc4 Nxe4 5. Nxe4 d5 6. Bxd5 Qxd5 7. d3 Bg4 8.
c4 Qd8 9. O-O Nd4 10. Neg5 h6 11. Nxe5 Bxd1 12. Ngxf7 Qf6 13. Re1 {O-O-O [%clk
0:13:56] Nxd8 [%clk 0:15:15] Kxd8 [%clk 0:13:37] Rxd1 [%clk 0:14:40]} Qxe5 14.
Be3 Nc2 15. d4 Qe6 16. d5 Qe4 17. Rc1 Nxe3 18. fxe3 Qxe3+ 19. Kh1 Bc5 20. Rc3
Qe2 21. Rc1 Rf8 {Re1 [%clk 0:15:00] Qxb2 [%clk 0:12:35]} 22. Ra1 {Rf2 [%clk 0:
12:35] Rab1 [%clk 0:15:03] Qxa2 [%clk 0:12:27] Rg1 [%clk 0:15:03] Rb2 [%clk 0:
12:19] Rxb2 [%clk 0:15:08] Qxb2 [%clk 0:12:27] Re1 [%clk 0:15:09] Qf2 [%clk 0:
12:32] Rd1 [%clk 0:15:15]} a5 {Ra1 [%clk 0:15:22]} 23. a4 {Rb1 [%clk 0:15:30]
a3 [%clk 0:12:52] Rc1 [%clk 0:15:35] a2 [%clk 0:13:00] Ra1 [%clk 0:15:43] Qb2 
[%clk 0:13:08] Rf1 [%clk 0:15:47] a1=Q [%clk 0:13:15] Rxa1 [%clk 0:15:47]
Qxa1# [%clk 0:13:20]} 0-1

[Event "NK Pupillendag 2015"]
[Site "Roosendaal"]
[Date "2015.06.20"]
[Round "1.20"]
[White "G08: Schoonenwolf Jack"]
[Black "Maters Vera"]
[Result "1-0"]
[WhiteElo "521"]
[BlackElo "228"]
[PlyCount "71"]
[EventDate "2015.06.20"]
[WhiteClock "0:16:59"]
[BlackClock "0:12:29"]

1. e4 e5 2. Nf3 Nf6 3. Nxe5 Nc6 4. Nxc6 bxc6 5. Nc3 Bc5 6. d4 Bb6 7. Bc4 O-O 8.
O-O Ba5 9. Bg5 Bxc3 10. bxc3 h6 11. Bxf6 gxf6 12. Qh5 Qe8 13. Qxh6 d5 14. exd5
cxd5 15. Bxd5 Bf5 16. Rfe1 Qa4 17. Bb3 Qb5 18. Rac1 Rae8 19. Rxe8 Rxe8 20.
Bxf7+ Kxf7 21. Qh5+ Bg6 22. Qxb5 Re6 23. Qc4 a5 24. Re1 Bf5 25. Rxe6 Bxe6 26.
Qxc7+ Kg6 27. Qxa5 f5 28. Qa6 Kf6 29. Kf1 f4 30. Qb5 Ke7 31. Qe5 f3 32. Qc7+
Bd7 33. d5 fxg2+ 34. Kxg2 Ke8 35. d6 Bf5 36. Qe7# 1-0

[Event "NK Pupillendag 2015"]
[Site "Roosendaal"]
[Date "2015.06.20"]
[Round "1.9"]
[White "F09: Geelhoed Merel"]
[Black "Lipschart Olivier"]
[Result "1/2-1/2"]
[WhiteElo "405"]
[BlackElo "709"]
[PlyCount "175"]
[EventDate "2015.06.20"]
[WhiteClock "0:12:39"]
[BlackClock "0:09:57"]

1. e4 e5 2. Nf3 Nc6 3. Bc4 Bc5 4. Nc3 Nf6 5. O-O O-O 6. d3 d6 7. a3 Nd4 8. Nxd4
Bxd4 9. h3 Nd7 10. Qg4 Nc5 11. Qg3 Qf6 12. Nd5 Qg6 13. Bg5 Qh5 14. Nxc7 Rb8 15.
c3 Na4 16. cxd4 Nxb2 17. Bb3 exd4 18. Rab1 Nxd3 19. Bd1 Qg6 20. Nd5 Qxe4 21.
Bf3 Qe5 22. Ne7+ Kh8 23. Nxc8 Rbxc8 24. Bxb7 Qxg3 25. fxg3 Rc2 26. Be4 Rd2 27.
Be7 Re8 28. Rxf7 Ne5 29. Rf2 Rxf2 30. Kxf2 Nd7 31. Bf5 Ne5 32. Bxd6 Nc4 33. Bc5
Nd2 34. Rb2 Nc4 35. Rb4 Ne3 36. Bxd4 Nxf5 37. Bxa7 h6 38. a4 Ra8 39. Bd4 Nxd4
40. Rxd4 Rf8+ 41. Ke3 Re8+ 42. Kf4 Rf8+ 43. Kg4 Ra8 44. Kf5 Ra5+ 45. Kg6 Rg5+
46. Kf7 Rxg3 47. Rd8+ Kh7 48. a5 Rxg2 49. a6 Rf2+ 50. Ke6 Rf6+ 51. Ke5 Rxa6 52.
Kf4 Rf6+ 53. Kg4 Rg6+ 54. Kf5 Rg5+ 55. Kf4 Kg6 56. Rd6+ Kh5 57. Rd3 g6 58. Re3
Rf5+ 59. Kg3 g5 60. Re4 Ra5 61. Re2 Ra3+ 62. Kg2 Kh4 63. Re4+ Kh5 64. Re2 Kg6
65. Re6+ Kg7 66. Re7+ Kf6 67. Re2 Kf5 68. Rf2+ Ke4 69. Re2+ Kd3 70. Re6 Ra2+
71. Kg3 h5 72. Rg6 h4+ 73. Kg4 Rg2+ 74. Kh5 Rh2 75. Kg4 Rg2+ 76. Kh5 Rg3 77.
Rxg5 Rxh3 78. Rd5+ Ke4 79. Rb5 Kf4 80. Rb4+ Kg3 81. Rb3+ Kh2 82. Rb2+ Kg3 83.
Rb3+ Kg2 84. Rb2+ Kf1 85. Kg4 Rh1 86. Rb1+ Kg2 87. Rxh1 Kxh1 88. Kxh4 1/2-1/2

[Event "NK Pupillendag 2015"]
[Site "Roosendaal"]
[Date "2015.06.20"]
[Round "1.7"]
[White "F07: Mensing Luana"]
[Black "Catalan Ciro"]
[Result "1-0"]
[WhiteElo "407"]
[BlackElo "758"]
[PlyCount "53"]
[EventDate "2015.06.20"]
[WhiteClock "0:14:56"]
[BlackClock "0:11:33"]

1. e4 c5 2. Nf3 d6 3. Bc4 h6 4. O-O Nf6 5. d3 e5 6. Bb3 Nc6 7. c3 Be7 8. Be3
Bg4 9. h3 Bh5 10. Nbd2 d5 11. exd5 Nxd5 12. Bxd5 Qxd5 13. Qc2 O-O-O 14. d4 Bg6
15. Qa4 cxd4 16. cxd4 exd4 17. Nxd4 a6 18. Nxc6 Qxc6 19. Rac1 Bc2 20. Rxc2 Qxc2
21. Qxc2+ Kb8 22. Bf4+ Ka8 23. Nc4 Ka7 24. Be3+ Kb8 25. Qf5 f6 26. Qf4+ Kc8 27.
Nb6# 1-0

[Event "NK Pupillendag 2015"]
[Site "Roosendaal"]
[Date "2015.06.20"]
[Round "1.16"]
[White "G04: Ekker Joshua"]
[Black "Srivastava Aarush"]
[Result "1-0"]
[WhiteElo "561"]
[BlackElo "282"]
[PlyCount "37"]
[EventDate "2015.06.20"]
[WhiteClock "0:12:34"]
[BlackClock "0:14:33"]

1. e4 e5 2. Nf3 Nf6 3. Bc4 Nxe4 4. Nc3 Bc5 5. Nxe4 Bb6 6. Nfg5 d5 7. O-O dxe4
8. Nxf7 Qd4 9. Nxh8 Qxc4 10. d3 Qg8 11. dxe4 Qxh8 12. Qd5 Bg4 13. Qxe5+ Kd8 14.
Qg5+ Ke8 15. Qxg4 Nc6 16. Be3 Bxe3 17. fxe3 g6 18. Rad1 Qxb2 19. Qd7# 1-0

[Event "NK Pupillendag 2015"]
[Site "Roosendaal"]
[Date "2015.06.20"]
[Round "3.22"]
[White "H02: Westinga Ben"]
[Black "Huang Wendy"]
[Result "0-1"]
[WhiteElo "415"]
[BlackElo "598"]
[PlyCount "59"]
[EventDate "2015.06.20"]
[WhiteClock "0:18:34"]
[BlackClock "0:16:52"]

1. e4 e5 2. Nf3 Nc6 3. Bc4 Nf6 4. Ng5 d5 5. exd5 Nxd5 6. Bxd5 Qxd5 7. d3 Qxg2
8. Qf3 Qxf3 9. Nxf3 Bg4 10. Ng5 h6 11. Ne4 Bf3 12. Rg1 Nd4 13. Be3 Nxc2+ {Kd1 
[%clk 0:16:12] Nxa1+ [%clk 0:15:41]} 14. Kd2 Bxe4 15. dxe4 O-O-O+ 16. Kc1 a6
17. Rd1 Rxd1+ 18. Kxd1 Be7 19. f4 exf4 20. Bxf4 Rd8+ 21. Kc1 Bg5 22. Bxg5 hxg5
23. b3 Re8 24. Kb2 {Nxb3 [%clk 0:15:49] Kxb3 [%clk 0:17:23]} Rxe4 25. Nc3 Re3 {
Kc4 [%clk 0:17:39] f5 [%clk 0:16:04]} 26. Nd5 Re4 {Kd3 [%clk 0:17:53] Kd7 
[%clk 0:16:14]} 27. Nc3 Rh4 28. Nd5 {Kd6 [%clk 0:16:01]} Ne3 {Rh3 [%clk 0:16:
04] Kd4 [%clk 0:17:56] c5+ [%clk 0:16:02] Kd3 [%clk 0:18:01] f4 [%clk 0:16:16]
Kd2 [%clk 0:17:51] fxe3+ [%clk 0:16:23] Ke2 [%clk 0:17:59] Rxh2+ [%clk 0:16:31]
Kxe3 [%clk 0:18:07] Rxa2 [%clk 0:16:38] Kd3 [%clk 0:18:16] g4 [%clk 0:16:45]
Ke3 [%clk 0:18:24] g3 [%clk 0:16:51] Kd3 [%clk 0:18:31] g2 [%clk 0:17:00]} 29.
Kc3 {g1=Q [%clk 0:16:58] Kb3 [%clk 0:18:41] Rd2 [%clk 0:16:58] Kc3 [%clk 0:18:
50] Qe3+ [%clk 0:17:06] Kc4 [%clk 0:18:58]} Rd4 30. Kxd4 {Ke5+} 0-1